The Witcher 3: Wild Hunt | Characters - Statistics

General Stats
  • This quiz has been taken 329 times
  • The average score is 20 of 37
Answer Stats
Hint Answer % Correct
The White Wolf, Butcher of Blaviken, among other aliases. Geralt of Rivia
100%
The Child of Prophecy. Young, ashen-haired woman. Geralt's adopted daughter. Cirilla Fiona Elen Riannon
98%
red-haired sorceress. Leads a rebellion that helps mages escape the city of Novigrad. Triss Merigold
96%
raven-haired sorceress, smells of "lilac and gooseberries". Yennefer of Vengerburg
95%
elder Wolf school Witcher, trained Geralt of Rivia, and the other Wolf school Witchers at Kaer Morhan. Vesemir
88%
Wolf school Witcher, trained at Kaer Morhen. sarcastic, cynical, and condescending. Has a strong resentment for the Witcher Trials. Lambert
80%
Wolf school Witcher, trained at Kaer Morhen. Likes nature, owns a horse named Scorpion. Eskel
73%
Ashen-haired sorceress. Lives in house located in the swamps of Velen. Keira Metz
70%
King of the Wild Hunt Eredin Breacc Glas
67%
Bard, long-time friend of the protagonist. Dandelion
65%
King of Redania King Radovid V or King Radovid the Stern
65%
cunning mob boss that operates in Novigrad. Formely part of the Redanian Intelligence. Uses "Sigi Reuven" as a cover name. Has a bum leg due to a "disagreement" with the protagonist. Sigismund Dijkstra
65%
AKA Philip Strenger. Bloody Baron
63%
Head of Clan "an Craite" Crach an Craite
60%
Emperor of Nilfgaard and the Nilfgaardian Empire Emperor Emhyr Var Emreis
60%
Commander of the Blue Stripes Vernon Roche
58%
(Blood and Wine) The Duchess of Toussaint Anna Henrietta
57%
Dwarf, owns the "Rosemary and Thyme" tavern. Zoltan Chivay
53%
Elven Sage, that aided the Child of Prophecy. Avallac'h
52%
youngest female of Clan an Craite. One of three potential candidates for the Skelligen throne. Cerys an Craite
52%
blind sorceress, head of the first Lodge of Sorceresses. Philipa Eilhart
52%
(Hearts of Stone) red-haired medic, very compassionate. Shani
50%
(Blood and Wine) Higher Vampire, and old friend of the protagonist. Emiel Regis Rohellec Terzieff-Godefroy
48%
Ladies of the Wood. The Crones of Crookback Bog
48%
youngest male of Clan an Craite. One of three potential candidates for the Skelligen throne. Hjalmar an Craite
47%
One of the main mob bosses in Novigrad. The protagonist has an encounter that can either end in this character being killed or spared, depending on the players choices. Whoreson Junior
46%
(Hearts of Stone) Master Mirror, Evil Incarnate. The protagonist makes a pact with this character to escape a prison ship. Gaunter O'Dimm
45%
(Hearts of Stone) a noble who gained Immortality from a pact made with Master Mirror. The protagonist has to grant this character 3 wishes. Olgierd von Everec
45%
(Blood and Wine) Higher Vampire, known as the "Beast of Toussaint" Dettlaff
41%
(Hearts of Stone) The protagonist meets this character to get her rose to fulfill her husband's third wish. Iris von Everec
33%
Commander of the Temple Guard, leads the Witcher hunters. Worships the Eternal Fire. Caleb Menge
28%
One of three candidates for the Skelligen throne. This character becomes king if you don't help either of the other two candidates. Svanrige Tuirseach
20%
(Blood and Wine) Sister of the Duchess Syana
20%
(Hearts of Stone) Part of the von Everec family. The protagonist meets this character's ghost. Vlodimir von Everec
20%
(Hearts of Stone) One of two brothers. He took the family fortune himself. The protagonist attends an auction held by this character in an attempt to find the House of Maximillian Borsodi, the father of the two brothers. Horst Borsodi
18%
(Hearts of Stone) One of two brothers. He was originally supposed to inherit the family fortune, but the other brother took it instead and put him into poverty. He orchestrates a heist to steal the House of Maximillian Borsodi and, by extension, the family fortune. Ewald Borsodi
12%
Former King of the Wild Hunt. Was assassinated by the latest King of the Wild Hunt. Auberon Muircetach
11%
No matching quizzes found
Score Distribution
Percent of People with Each Score
Percentile by Number Answered
Your Score History
You have not taken this quiz